Países del mundo - Escritura a ciegas - Estadísticas

Estadísticas generales
  • Esta prueba ha sido intentada 9.370 veces
  • La puntuación promedio es 149 de 196
Estadísticas de respuestas
País % Correcto
España
92%
Canadá
89%
Estados Unidos
89%
Argentina
87%
Francia
87%
Chile
86%
México
86%
Portugal
86%
Brasil
85%
Colombia
85%
Rusia
85%
Alemania
84%
China
84%
Perú
84%
Uruguay
84%
Venezuela
84%
Andorra
83%
Australia
83%
Ecuador
83%
Finlandia
83%
Noruega
83%
Paraguay
83%
Suecia
83%
Ciudad del Vaticano
82%
Corea del Norte
82%
Corea del Sur
82%
Estonia
82%
Italia
82%
Japón
82%
Letonia
82%
Lituania
82%
Marruecos
82%
Países Bajos
82%
Panamá
82%
Reino Unido
82%
Suiza
82%
Bélgica
81%
Bolivia
81%
Cuba
81%
Dinamarca
81%
Egipto
81%
Grecia
81%
Honduras
81%
India
81%
Irlanda
81%
Nueva Zelanda
81%
Polonia
81%
República Dominicana
81%
Austria
80%
Bielorrusia
80%
Costa Rica
80%
El Salvador
80%
Eslovaquia
80%
Eslovenia
80%
Guyana
80%
Irak
80%
Irán
80%
Islandia
80%
Luxemburgo
80%
República del Congo
80%
República Democrática del Congo
80%
San Marino
80%
Ucrania
80%
Arabia Saudita
79%
Croacia
79%
Guatemala
79%
Haití
79%
Hungría
79%
Israel
79%
Malta
79%
Nicaragua
79%
Rumania
79%
Sudáfrica
79%
Surinam
79%
Afganistán
78%
Albania
78%
Argelia
78%
Bulgaria
78%
Guinea
78%
Indonesia
78%
Jamaica
78%
Mónaco
78%
Mongolia
78%
Montenegro
78%
Pakistán
78%
República Checa
78%
Serbia
78%
Turquía
78%
Belice
77%
Chipre
77%
Kazajistán
77%
Macedonia del Norte
77%
Níger
77%
Omán
77%
Tailandia
77%
Vietnam
77%
Yemen
77%
Bosnia y Herzegovina
76%
Catar
76%
Emiratos Árabes Unidos
76%
Kenia
76%
Kosovo
76%
Liechtenstein
76%
Madagascar
76%
Sudán
76%
Armenia
75%
Georgia
75%
Laos
75%
Libia
75%
Moldavia
75%
Nepal
75%
Nigeria
75%
Siria
75%
Túnez
75%
Uzbekistán
75%
Angola
74%
Azerbaiyán
74%
Bahamas
74%
Chad
74%
Etiopía
74%
Guinea Ecuatorial
74%
Jordania
74%
Líbano
74%
Senegal
74%
Somalia
74%
Sudán del Sur
74%
Camboya
73%
Filipinas
73%
Ghana
73%
Turkmenistán
73%
Zambia
73%
Zimbabue
73%
Bután
72%
Cabo Verde
72%
Camerún
72%
Dominica
72%
Guinea-Bissau
72%
Kirguistán
72%
Lesoto
72%
Malasia
72%
Malí
72%
Mauritania
72%
Mozambique
72%
Santa Lucía
72%
Singapur
72%
Tanzania
72%
Trinidad y Tobago
72%
Antigua y Barbuda
71%
Barbados
71%
Costa de Marfil
71%
Eritrea
71%
Fiyi
71%
Papúa Nueva Guinea
71%
República Centroafricana
71%
Sri Lanka
71%
Taiwán
71%
Tayikistán
71%
Togo
71%
Bangladés
70%
Baréin
70%
Birmania
70%
Granada
70%
Islas Marshall
70%
Kuwait
70%
Maldivas
70%
Mauricio
70%
Ruanda
70%
Seychelles
70%
Uganda
70%
Estados Federados de Micronesia
69%
Esuatini
69%
Gambia
69%
Islas Salomón
69%
Namibia
69%
San Vicente y las Granadinas
69%
Botsuana
68%
Brunéi
68%
Liberia
68%
San Cristóbal y Nieves
68%
Yibuti
68%
Benín
67%
Gabón
67%
Samoa
67%
Santo Tomé y Príncipe
67%
Sierra Leona
67%
Tonga
67%
Tuvalu
67%
Vanuatu
67%
Burkina Faso
66%
Burundi
66%
Comoras
66%
Kiribati
66%
Timor Oriental
66%
Nauru
65%
Palaos
65%
Malaui
63%
No se encontraron pruebas coincidentes
Distribución de puntuación
Porcentaje de gente con cada puntuación
Porcentaje por número respondido
Historial de tus puntuaciones
No has intentado esta prueba.